Politický systém Irska

Saved in:
Bibliographic Details
Main Author: Šlosarčík, Ivo
Format: Book
Language:Czech
Published: Praha Sociologické nakladatelství (SLON) 2007
Series:Politické systémy 5. svazek
Subjects:
Tags: Add Tag
No Tags, Be the first to tag this record!

MARC

LEADER 00000nam$a2200000$$$4500
001 0098635
005 20240313090253.3
020 |a 978-80-86429-61-8 
041 0 |a cze 
044 |a CZ 
245 1 0 |a Politický systém Irska  |c Ivo Šlosarčík 
264 1 |a Praha  |b Sociologické nakladatelství (SLON)  |c 2007 
300 |a 270 s. 
490 1 |a Politické systémy  |v 5. svazek 
830 0 |a Politické systémy  |v 5. svazek 
610 2 0 |a systémy politické 
610 2 0 |a vývoj politický 
610 2 0 |a história 
610 2 0 |a vojny 
610 2 0 |a štát 
610 2 0 |a občianstvo štátne 
610 2 0 |a moc zákonodarná 
610 2 0 |a parlamenty 
610 2 0 |a prezidenti 
610 2 0 |a súdnictvo 
610 2 0 |a strany politické 
610 2 0 |a integrácia ekonomická medzinárodná 
610 2 0 |a Írsko 
100 1 |a Šlosarčík, Ivo